| 000 | 01856cam a2200601 4500 | ||
|---|---|---|---|
| 008 | 090401t1995 xxu||||| |||| 00| 0 eng d | ||
| 020 | _a0419196501 | ||
| 035 | _a(Sirsi) u21218 | ||
| 041 | _aeng | ||
| 050 |
_a692.5094 _c18 |
||
| 245 | _aSpon's European construction costs handbook. | ||
| 250 | _a2nd ed. | ||
| 260 |
_aLondon _bE and F N Spon _c1995 |
||
| 300 |
_axx, 566p. _c23cm. |
||
| 350 | _a75 | ||
| 520 | _aCovers 30 countries, including the USA and Japan, giving background information on the building industry of each country as well as labour costs, unit rates and approximate estimating. The book begins with general information on the European construction industry and the EC and concludes with tables of comparative data. | ||
| 520 | _aThis title was also published in the United States (ISBN 0876294158) with the same content. Both imprints superseded by the third edition (ISBN 0419254609). | ||
| 650 | _aAUSTRIA | ||
| 650 | _aBELGIUM | ||
| 650 | _aBUILT ENVIRONMENT-BUILDING COSTS | ||
| 650 | _aBULGARIA | ||
| 650 | _aCYPRUS | ||
| 650 | _aCZECHOSLOVAKIA | ||
| 650 | _aDENMARK | ||
| 650 | _aEUROPE | ||
| 650 | _aFINLAND | ||
| 650 | _aFRANCE | ||
| 650 | _aGERMANY | ||
| 650 | _aGREECE | ||
| 650 | _aHUNGARY | ||
| 650 | _aIRELAND | ||
| 650 | _aITALY | ||
| 650 | _aJAPAN | ||
| 650 | _aLUXEMBOURG | ||
| 650 | _aMALTA | ||
| 650 | _aNETHERLANDS | ||
| 650 | _aNORWAY | ||
| 650 | _aPOLAND | ||
| 650 | _aPORTUGAL | ||
| 650 | _aROMANIA | ||
| 650 | _aRUSSIAN FEDERATION | ||
| 650 | _aSLOVAL REPUBLIC | ||
| 650 | _aSPAIN | ||
| 650 | _aSWEDEN | ||
| 650 | _aSWITZERLAND | ||
| 650 | _aTURKEY | ||
| 650 | _aUKRAINE | ||
| 650 | _aUNITED STATES | ||
| 690 | _aBUILT ENVIRONMENT-BUILDING COSTS | ||
| 710 |
_aDavis Langdon and Everest _xEditor _91155 |
||
| 942 | _n0 | ||
| 948 | _c04/03/1997 | ||
| 999 |
_c87940 _d87940 |
||